Fitness IoT zariadenie pre sledovanie a zaznamenávanie cvikov diplomová práca

Salvato in:
Dettagli Bibliografici
Autore principale: Kšinský, Martin
Ente Autore: Fakulta hospodárskej informatiky EU. Katedra aplikovanej informatiky
Altri autori: Procházka, Peter, 1968-
Natura: Libro
Lingua:slovacco
Pubblicazione: Bratislava 2024
Tags: Aggiungi Tag
Nessun Tag, puoi essere il primo ad aggiungerne!!

MARC

LEADER 00000nbm a2200000 4500
001 0301189
005 20250127101816.0
041 0 |a slo 
044 |a SK 
245 1 0 |a Fitness IoT zariadenie pre sledovanie a zaznamenávanie cvikov  |b diplomová práca  |c Martin Kšinský ; školiteľ: Peter Procházka 
264 1 |a Bratislava  |c 2024 
300 |a 72 s. 
100 1 |a Kšinský, Martin 
700 1 |a Procházka, Peter, 1968- 
710 2 |a Fakulta hospodárskej informatiky EU. Katedra aplikovanej informatiky